[Event "10th KiiT Festival 2017"]
[Site "Bhubaneshwar"]
[Date "2017.06.02"]
[Round "10"]
[White "Jeet, Jain"]
[Black "Sidhant, Mohapatra"]
[Result "0-1"]
[WhiteElo "2151"]
[BlackElo "2393"]
[Annotator "TA"]
[PlyCount "156"]
[EventDate "2017.05.26"]
[EventType "swiss"]
[EventCountry "IND"]
[SourceTitle "playchess.com"]
[Source "ChessBase"]
[SourceQuality "1"]

{[%evp 19,156,32,41,24,47,29,24,-15,-9,-10,-24,-18,-15,-34,-38,-47,-20,-20,-8,-6,-6,-6,-6,-7,-7,-7,-7,-9,-7,-94,-9,-8,-6,-8,-8,-8,8,6,10,8,9,8,18,3,7,0,34,36,63,52,76,-12,67,40,48,-12,110,0,27,29,39,35,39,0,102,8,8,0,25,25,25,25,43,0,0,0,52,0,0,0,43,8,35,0,27,0,34,8,20,0,10,-8,29,0,0,0,0,-19,-19,-38,-40,-70,-19,-178,-105,-107,-94,-95,-86,-372,-356,-371,-378,-499,-87,-252,-229,-358,-367,-360,-362,-390,-357,-453,-202,-295,-268,-532,-440,-529,-508,-523,-530,-520,-519,-486,-439,-4971,-4960]} 1. e4 c5 2. Nf3 e6 3. d4 cxd4 4. Nxd4 Nc6 5. Nc3 d6 6. Be3 Nf6 7. Be2 Be7 8. Qd2 a6 9. f4 O-O 10. O-O-O Nd7 {LiveBook: 47 Games. B84: Sicilian Scheveningen: 6 Be2 a6, lines without early Be3} (10... Qc7 11. g4 Nxd4 12. Qxd4 e5 13. Qd3 exf4 14. Bxf4 Bxg4 15. Bxg4 Nxg4 16. Nd5 Qd8 17. Rhg1 Ne5 18. Bxe5 dxe5 19. Qg3 g6 20. Qxe5 {½-½ (33) Ivanchuk,V (2733)-Van Wely,L (2685) Novi Sad 2016}) 11. f5 Nde5 12. fxe6 $146 ({Predecessor:} 12. Rhf1 b5 13. fxe6 fxe6 14. Nxc6 Nxc6 {1-0 (56) Fernandez Bouza,F (2129)-Caneiro Couto,J (2145) Ferrol 2001}) 12... fxe6 {White has an edge.} 13. Rhf1 Rxf1 14. Rxf1 Bd7 {[%cal Bc8d7,Bd7c6,Bc6e4][%mdl 32]} 15. Kb1 b5 16. Nxc6 Bxc6 17. Bd3 Bf6 18. Ne2 Nc4 19. Bxc4 $1 bxc4 20. Nc3 Bxc3 21. Qxc3 Bxe4 {next ...Qc7 is good for Black.} 22. Qxc4 d5 23. Qc6 Qc8 24. Qxc8+ Rxc8 $11 {[%mdl 4096] Endgame KRB-KRB} 25. Rf2 e5 26. Bb6 d4 (26... Rc6 $5 {[%cal Rc6b6]} 27. Ba5 g6 $15) 27. b4 Bg6 28. Bc5 Rd8 29. Kc1 h6 30. a3 Bf7 31. Kb2 Bc4 32. c3 d3 33. Kc1 e4 34. Kd2 Bb5 35. Bd4 (35. Rf5 $16) 35... Rd7 ({Black should try} 35... Rf8 $1 $11) 36. Ke3 Re7 37. Rf5 (37. Rf4 $14) 37... Kh7 (37... Rf7 $11 {remains equal.} 38. Rxf7 Kxf7) 38. Rf2 (38. Rc5 $16) 38... Kg6 39. Rf4 h5 40. Bc5 Re6 41. Bd4 Kg5 (41... Re7 $11) 42. h4+ (42. Rf7 $16) 42... Kg6 43. g4 hxg4 44. Rxg4+ Kh5 45. Rxg7 Kxh4 46. Rh7+ (46. Kf4 $5 {[%cal Rg7h7]} Kh3 47. Ke3 $14) 46... Kg4 47. Rg7+ Kh5 (47... Kh4 $11) 48. Rh7+ (48. Kf4 $14) 48... Kg6 49. Rg7+ Kh6 50. Rg4 Kh7 51. Rg7+ Kh6 52. Rg4 Re7 53. Rf4 Kg6 54. Rg4+ (54. a4 $5 Bxa4 55. Rf6+ Kh5 56. Rxa6 $14) 54... Kh5 (54... Kf5 $5 {[%cal Rf5g4]} 55. Rf4+ Kg6 $14) 55. Rg7 Re8 56. Rh7+ Kg6 57. Rg7+ Kf5 58. Rf7+ Ke6 59. Ra7 Rg8 60. Rg7 Rf8 ({Better is} 60... Rxg7 $15 61. Bxg7 Kd5) 61. Rg2 $2 {[#]} (61. a4 $11 Bxa4 62. Rg6+ Kd5 63. Rxa6) 61... Rf3+ (61... Kd5 $1 $19 62. Kd2 Kc4) 62. Kd2 $17 Kd5 63. Rg5+ Kc4 64. Be3 $2 {[%mdl 8192] [#]} (64. Rg4 $17) 64... Rh3 $1 $19 {[%cal Rh3h2] aiming for ...Rh2+.} 65. Rg2 Kb3 66. Bd4 Rf3 $2 (66... Kxa3 $19 {is more deadly.} 67. Be3 Kb3) 67. Rf2 $2 (67. Rg4 $17 {is the only way for White.}) 67... Rg3 68. Rf1 (68. Be3 {was worth a try.}) 68... Rg2+ ({Less strong is} 68... Kxa3 69. Rg1 $17) 69. Rf2 Rg1 70. a4 Kxa4 71. Ke3 Rg4 (71... Bc6 $142 72. Rf6 Bb7) 72. Be5 (72. c4 {is a better defense.} Bxc4 73. Bc3) 72... Kb3 73. Bd4 $2 (73. Kd4) 73... Bc6 {Black is clearly winning.} 74. Kd2 Rh4 75. Rf6 Rh2+ 76. Rf2 Rh1 77. Be5 Ra1 {Hoping for ...Ra2+.} 78. Ke3 (78. Bg3 $142) 78... Re1+ {Precision: White = 24%, Black = 46%.} 0-1

[Event "10th KiiT Festival 2017"]
[Site "Bhubaneshwar"]
[Date "2017.06.02"]
[Round "10"]
[White "Arpita, Mukherjee"]
[Black "Sahoo, Utkal Ranjan"]
[Result "1/2-1/2"]
[WhiteElo "2102"]
[BlackElo "2256"]
[Annotator "TA"]
[PlyCount "73"]
[EventDate "2017.05.26"]
[EventType "swiss"]
[EventCountry "IND"]
[SourceTitle "playchess.com"]
[Source "ChessBase"]
[SourceQuality "1"]

{[%evp 16,73,32,18,29,25,45,35,51,51,53,10,43,34,54,22,15,10,18,16,7,23,21,0,20,21,38,20,53,27,64,-8,0,-69,-6,-12,-14,-40,-36,-58,0,0,0,0,0,0,0,-9,19,0,0,0,0,0,0,0,0,0,0,0]} 1. e4 e5 2. Nf3 Nc6 3. Bb5 a6 4. Ba4 Nf6 5. Qe2 Be7 6. O-O d6 7. c3 O-O 8. Rd1 Bd7 9. Bc2 {LiveBook: 9 Games. C86: Closed Ruy Lopez: Worrall Attack} (9. d4 Nxd4 10. cxd4 Bxa4 11. b3 Bb5 12. Qc2 exd4 13. Nxd4 Bd7 14. Nc3 Re8 15. Bb2 Bf8 16. Re1 c5 {0-1 (35) Kazakov,M (2462)-Kravtsiv,M (2565) Lvov 2011}) 9... Bg4 10. h3 Bh5 11. d4 {[%cal Bd2d4,Bd4d5][%mdl 32] White is slightly better.} Qc8 12. d5 $146 ({Predecessor:} 12. Qe3 Re8 13. Nbd2 Bf8 14. d5 Ne7 15. Nf1 Ng6 16. Ng3 Nf4 17. Nxh5 N6xh5 {0-1 (37) Inoue,S (2024)-Burstein,A Beijing 2008}) 12... Nb8 13. Be3 Nbd7 14. Nbd2 Re8 15. Nf1 Bg6 16. Ng3 Nh5 17. Nf5 Bxf5 18. exf5 Nhf6 $1 19. Nh2 h6 20. Ng4 Nxg4 21. hxg4 Nf6 22. c4 Nh7 23. Qd3 (23. Ba4 $14) 23... Bg5 $11 24. c5 (24. Bxg5 $11 Nxg5 25. b3) 24... Bxe3 ({Black should play} 24... e4 $15 25. Qe2 Bxe3 26. Qxe3 dxc5) 25. Qxe3 Qd8 26. Ba4 Re7 27. Rac1 dxc5 ({Better is} 27... e4 $15) 28. Qxc5 {Threatening d6.The position is equal.} Qd6 29. Qxd6 cxd6 30. f3 Nf6 31. Rc3 g6 32. fxg6 fxg6 33. Rdc1 Rf8 34. Rc7 Rxc7 ({Not} 34... Nxd5 $2 35. Bb3 $18) 35. Rxc7 Rf7 $1 {[%cal Rf7c7]} 36. Rc8+ Rf8 37. Rc7 {Precision: White = 41%, Black = 62%.} 1/2-1/2

[Event "10th KiiT Festival 2017"]
[Site "Bhubaneshwar"]
[Date "2017.06.02"]
[Round "10"]
[White "Dixit, Nikhil"]
[Black "Srijit Paul"]
[Result "1/2-1/2"]
[WhiteElo "2101"]
[BlackElo "2248"]
[Annotator "TA"]
[PlyCount "136"]
[EventDate "2017.05.26"]
[EventType "swiss"]
[EventCountry "IND"]
[SourceTitle "playchess.com"]
[Source "ChessBase"]
[SourceQuality "1"]

{[%evp 9,136,7,7,-7,13,12,37,14,19,9,53,54,87,103,117,111,112,114,99,87,102,96,104,35,33,28,30,34,35,0,271,263,267,264,262,270,270,260,262,265,256,245,214,186,205,204,222,204,253,98,96,96,111,86,112,85,91,98,138,68,73,69,77,77,68,69,69,48,38,12,21,8,76,89,140,41,47,0,0,0,0,0,5,5,5,5,7,5,7,7,8,8,68,83,102,96,183,19,28,8,15,0,14,4,7,7,7,0,0,0,0,0,8,8,8,8,8,8,8,8,8,0,0,0,0,0,0,0,0]} 1. e4 c5 2. Nf3 e6 3. b3 b6 4. Bb2 Bb7 5. Nc3 Nc6 6. g3 {B40: Sicilian: 2...e6, Unusual lines} Nf6 (6... Nd4 7. Bg2 Nxf3+ 8. Qxf3 Ne7 9. O-O-O Nc6 10. Ne2 e5 11. Qg4 h5 12. Qh3 d6 13. f4 Bc8 {1-0 (39) Onischuk,V (2601)-Vitiugov,N (2726) Doha 2016}) 7. Bg2 d5 8. exd5 {White is slightly better.} exd5 9. O-O d4 $146 ({Predecessor:} 9... Be7 10. d4 O-O 11. Ne2 a5 12. Nf4 a4 13. a3 Ra7 {1-0 (36) Lein,A (2525)-Garcia Palermo,C (2380) Lone Pine 1977}) 10. Nb5 Be7 {[#]} 11. Ne5 $1 {[%cal Re5c6][%mdl 512]} Nxe5 12. Bxb7 Rb8 13. f4 Ng6 14. Bc6+ Kf8 15. Qe2 $36 {[%mdl 2048] Black must now prevent f5. White is on the roll.} (15. Nxa7 Qc7 $17) 15... a6 16. f5 (16. Na7 $16) 16... axb5 $14 17. fxg6 hxg6 18. Bxb5 Bd6 19. Rf3 Ng4 $2 {[%mdl 8192] [#]} (19... Rb7 $11 {and Black has nothing to worry.}) 20. Rxf7+ $1 $18 {[%mdl 512]} Kxf7 21. Bc4+ Kf8 22. Qxg4 Be5 23. Qxg6 {[%csl Gc4][%cal Rg6f7]} ({Resist} 23. Rf1+ $6 Bf6 $18) 23... Rb7 24. a4 Bf6 {[#]} 25. a5 $1 {[%mdl 512]} bxa5 26. Re1 {White threatens Ba3 and mate.} Re7 27. Rf1 Qd6 28. Ba3 $1 d3 29. Qxd3 $2 (29. c3 $18 {has better winning chances.}) 29... Qxd3 $16 30. Bxd3 Rh5 31. Kg2 Kg8 32. Rf4 Re1 33. Ra4 Bd8 34. Rc4 (34. Bc4+ $16 Kh7 35. Bb2) 34... Rd1 $14 35. Bxc5 {Threatens to win with Be3.} ({Much worse is} 35. Rxc5 Rxd2+ 36. Kf3 Rxc5 $11) 35... Rxd2+ 36. Kf3 {aiming for Rd4.} Rdxh2 37. Bg1 Rh1 38. Kg2 {[%mdl 1024] White has compensation.} Kf7 39. Rg4 {next Bg6+ is good for White.} Rh6 40. Bc4+ Kf6 (40... Ke8 $1 $11) 41. Bd4+ Kf5 {[#]} (41... Ke7 $142) 42. Rxg7 ({Better is} 42. Rf4+ $1 $16 Kg5 43. Bxg7) 42... Bf6 $1 {[%cal Rf6d4]} 43. Bd3+ (43. g4+ Kf4 $19) 43... Ke6 44. Bxf6 Kxf6 $11 {[%mdl 4096] Endgame KRR-KRB} 45. Ra7 R1h5 46. Kf3 Rc5 47. Kf4 Rh2 48. Ra6+ Ke7 49. g4 Rf2+ 50. Ke3 Rg2 (50... Rf6 $11) 51. Kd4 $1 $14 {[%cal Rd4c5]} Rg5 52. Bf5 Kd8 {[#]} (52... Rg3 $16) 53. Kc3 $2 (53. Ra7 $1 $18) 53... Kc7 $11 54. Kb2 Kb7 {The position is equal.} 55. Rf6 (55. Rd6 {is interesting.} Rg1 56. Kc3 Rf1 57. Kc4 Rf4+ 58. Rd4) 55... Ka7 (55... Rg3 {seems wilder.} 56. Ka3 Re3 57. Ka4 Re5 58. c4 Rg8) 56. Rh6 Rf2 57. Ka3 Rf4 58. Kb2 a4 59. bxa4 Rxa4 60. Kc3 (60. Kb3 {with more complications.} Rf4 61. c4 Rg7 62. Kb4 Rc7 63. Be6) 60... Raxg4 (60... Rf4 {keeps more tension.} 61. Kb3 Rg7 62. c4 Rb7+ 63. Kc3 Rc7) 61. Bxg4 Rxg4 {KR-KR} 62. Kb3 Kb7 63. c4 Kc7 64. Kb4 Rg5 65. c5 Rg1 66. Rb6 Rb1+ 67. Kc3 Rxb6 68. cxb6+ Kxb6 {Precision: White = 41%, Black = 53%.} 1/2-1/2

[Event "10th KiiT Festival 2017"]
[Site "Bhubaneshwar"]
[Date "2017.06.02"]
[Round "10"]
[White "Dileep Kumar R"]
[Black "Sai Krishna G V"]
[Result "0-1"]
[WhiteElo "1944"]
[BlackElo "2339"]
[Annotator "TA"]
[PlyCount "94"]
[EventDate "2017.05.26"]
[EventType "swiss"]
[EventCountry "IND"]
[SourceTitle "playchess.com"]
[Source "ChessBase"]
[SourceQuality "1"]

{[%evp 12,94,14,5,12,17,7,-38,0,-41,-41,-45,-50,-80,-96,-87,-50,-59,-55,-59,-49,-306,-72,-93,-78,-104,-60,-118,-115,-111,-118,-107,-112,-109,-44,-47,-44,-144,-147,-154,-145,-152,-91,-143,-120,-191,-151,-179,-151,-191,-196,-207,-166,-356,-350,-369,-378,-319,-243,-293,-262,-250,-185,-180,-165,-117,-31,-44,-35,-231,-203,-381,-358,-690,-685,-1555,-1543,-1646,-1513,-29991,-29992,-29996,-2087,-1964,-1927]} 1. e4 e5 2. Nf3 Nc6 3. Bb5 a6 4. Ba4 d6 5. c3 f5 6. d3 Nf6 7. Nbd2 Be7 {C74: Ruy Lopez: Deferred Steinitz: 5 c3 f5} 8. Bb3 Na5 9. O-O fxe4 $146 {Black is slightly better.} ({Predecessor:} 9... Nxb3 10. Qxb3 Qd7 11. d4 exd4 12. exf5 Qxf5 13. Re1 Qb5 14. Qxb5+ axb5 15. Nxd4 {0-1 (45) Sidhant,M (2267)-Sunilduth Lyna,N (2541) New Delhi 2017}) 10. dxe4 Nxb3 11. Qxb3 Nd7 12. Rd1 Nc5 13. Qc2 O-O 14. b4 Ne6 15. Nf1 Qe8 16. Ne3 $2 {[%mdl 8192] [#]} (16. Ng3 $15) 16... Bd8 $2 (16... Rxf3 $1 $19 {[%mdl 512] is more deadly.} 17. gxf3 Ng5) 17. Nf5 $17 g6 18. Ne3 Nf4 19. c4 {[#]} (19. Ne1 $15) 19... Nh3+ $1 {[%mdl 512]} 20. Kh1 (20. gxh3 Rxf3) 20... Rxf3 21. gxf3 Qf8 22. Qe2 Nf4 (22... Bh4 $1 $17 23. Rd2 Nxf2+ 24. Kg1 Nh3+ 25. Kh1 Qf7) 23. Qc2 Ne6 $36 {[%mdl 2048] aiming for ...Nd4. Black has some pressure.} 24. Qe2 (24. Ng2 $15) 24... Nd4 25. Rxd4 exd4 26. Ng2 c5 (26... Bf6 $142 27. Qd3 Be5) 27. a3 (27. Nf4 $142) 27... Bf6 28. Qd3 (28. Rb1 $17) 28... Be5 29. Bg5 Be6 30. f4 Bg7 31. Rc1 Qf7 32. Qc2 $2 (32. bxc5 {is a better defense.} dxc5 33. a4) 32... h6 $19 33. Bh4 b5 34. cxb5 Bb3 35. Qe2 c4 36. b6 d3 37. Qe3 Bb2 {White must now prevent ...c3.} 38. Rg1 {[#]} c3 ({Don't play} 38... Bxa3 $6 39. Qd2 $15) (38... Kh7 $1 $17 39. f3 d5) 39. Qxd3 $15 {Ne3 is the strong threat.} c2 {And now ...Rc8 would win.} 40. b7 $2 ({White should play} 40. f5 $15) 40... Rb8 $19 {[%cal Ba8b8,Bb8b7,Bb7d7,Bd7d1][%mdl 32]} 41. Qxd6 $2 (41. Bf6 {keeps fighting.} c1=Q 42. Rxc1 Bxc1 43. Qxd6 Rxb7 44. Qxa6) 41... Rxb7 42. Qd8+ $2 (42. Qxa6 Rc7 43. Ne3) 42... Kh7 43. e5 Rd7 44. Qb8 Rd1 45. Ne1 c1=Q 46. Bf6 Qc6+ (46... Bd5+ $142 47. f3 {[#]} Bxf3+ $1 {[%mdl 512]} 48. Nxf3 Rxg1+ 49. Nxg1 Qd5#) 47. f3 Qce8 {Precision: White = 22%, Black = 57%.} 0-1

[Event "10th KiiT Festival 2017"]
[Site "Bhubaneshwar"]
[Date "2017.06.02"]
[Round "10"]
[White "Samal Ansuman"]
[Black "Yogit, S."]
[Result "1-0"]
[WhiteElo "1803"]
[BlackElo "2200"]
[Annotator "TA"]
[PlyCount "71"]
[EventDate "2017.05.26"]
[EventType "swiss"]
[EventCountry "IND"]
[SourceTitle "playchess.com"]
[Source "ChessBase"]
[SourceQuality "1"]

{[%evp 22,71,0,0,14,0,0,0,0,-23,-11,-16,0,0,0,0,0,0,0,-111,36,0,0,0,0,0,13,0,62,0,114,109,737,724,866,864,1172,1154,1299,798,1700,1218,1219,1212,1197,1147,1062,991,29988,29989,29991,29992]} 1. e4 e5 2. Nf3 Nc6 3. d4 exd4 4. Nxd4 Nf6 5. Nc3 Bb4 6. Nxc6 bxc6 7. Bd3 O-O 8. O-O d5 9. exd5 cxd5 10. Bg5 Be6 11. Qf3 Be7 12. Rfe1 {LiveBook: 5 Games} h6 {C47: Scotch Four Knights and Four Knights with 4 g3} 13. Bd2 $146 ({Predecessor:} 13. Bxh6 gxh6 14. Rxe6 fxe6 15. Qg3+ Kh8 16. Qg6 Qe8 17. Qxh6+ Kg8 18. Qg5+ Kh8 19. Qh6+ Kg8 {½-½ (19) Sevillano,E (2500)-Matikozian,A (2441) Los Angeles 2013}) 13... Rb8 14. h3 Rxb2 {The position is equal.} 15. Nb5 {[#]} (15. Bxh6 $5 gxh6 16. Rxe6 $1 $11 {[%mdl 512]}) 15... Ne4 $1 {[%mdl 512]} 16. Rxe4 (16. Bc1 $5 {[%cal Rc1b2]} Rb4 17. Ba3 $15) (16. Bxe4 dxe4) 16... Rxb5 17. Rxe6 $1 fxe6 18. Qg4 Rb6 {aiming for ...Bc5.} 19. Bxh6 $1 $40 {[%csl Gh6][%cal Rg4g7][%mdl 128] White attacks.} Bf6 20. Re1 {[#]} (20. Rf1 $11) 20... Rf7 (20... Bd4 $1 $17 {[%cal Rd4f2][%mdl 512]} 21. Qxd4 gxh6) 21. Qg6 {[%mdl 1024] White has compensation.} (21. Be3 $5 {[%cal Re3b6]}) 21... Kf8 22. Be3 d4 23. Bc1 Qd6 24. h4 (24. Qh5 $5 {[%cal Rd3g6]}) 24... Rb1 ({Black should play} 24... Bxh4 $11 25. g3 Bf6) 25. h5 ({Better is} 25. Qh5 $14 Ke7 26. g3) 25... Qb4 (25... Ke7 $11) 26. Rf1 $16 ({Reject} 26. c3 $6 {[#]} Rxc1 $1 {[%mdl 512]} 27. cxb4 (27. Rxc1 dxc3 28. Rf1 Qf4 $15) 27... Rxe1+ 28. Bf1 Be5 $11) 26... Ke7 $2 {[%mdl 8192] [#]} (26... Rxc1 $16 27. Rxc1 Qa5) 27. c3 $1 $18 {[%cal Rc3b4][%mdl 512]} dxc3 (27... Qxc3 28. Bxb1) 28. Bxb1 Bd4 29. Bg5+ Kf8 30. Qe4 {White wants to mate with Qa8+.} c6 31. h6 gxh6 32. Bxh6+ Ke7 33. Bg5+ Kd7 34. Rd1 e5 35. Qxe5 c5 36. Qd5+ {Precision: White = 54%, Black = 19%.} 1-0